|
|
|
|
| LEADER |
01382nam a22003257a 4500 |
| 001 |
38383 |
| 003 |
BD-DhAAL |
| 005 |
20220413151019.0 |
| 008 |
220413t20052021nyu||||| b||| 001 0 eng d |
| 999 |
|
|
|c 43940
|d 43940
|
| 020 |
|
|
|a 9781108810913
|
| 020 |
|
|
|a 978108495899
|
| 040 |
|
|
|a BD-DhAAL
|d BD-DhAAL
|
| 082 |
|
|
|a 341.486
|2 23
|
| 100 |
|
|
|a James C. Hathaway
|9 48005
|
| 245 |
|
|
|a The rights of refugees under international law /
|c James C. Hathaway.
|
| 250 |
|
|
|a Second edition 2021
|
| 260 |
|
|
|a Cambridge [England] ;
|a New York :
|b Cambridge University Press,
|c c2005
|
| 300 |
|
|
|a lxix, 1382 pages ;
|c 26 cm.
|
| 504 |
|
|
|a Includes bibliographical references (p. [1280]-1302) and index.
|
| 526 |
|
|
|a SOL (Funded by UNHCR)
|
| 541 |
|
|
|a Book Finder
|e 38383
|
| 650 |
|
|
|a Refugees
|x Legal status, laws, etc
|9 48006
|
| 650 |
|
|
|a Asylum, Right of
|9 48007
|
| 650 |
|
|
|a Freedom of movement (International law)
|9 48008
|
| 650 |
|
|
|a Freedom of movement (International law)
|9 48008
|
| 650 |
|
|
|a Office of the United Nations High Commissioner for Refugees.
|9 48009
|
| 852 |
|
|
|a Ayesha Abed Library
|c General Stacks
|
| 942 |
|
|
|2 ddc
|c BK
|
| 952 |
|
|
|0 0
|1 0
|2 ddc
|4 0
|6 341_486000000000000_JAM
|7 0
|9 70477
|a BRACUL
|b BRACUL
|c GEN
|d 2022-04-10
|e Book Finder International
|g 6776.26
|l 1
|m 9
|o 341.486 JAM
|p 3010038383
|r 2023-01-23
|s 2022-11-26
|t 1
|v 6776.26
|w 2022-04-10
|y BK
|x SoL books funded by the UNHCR project
|